000
00321nam a2200157Ia 4500
001
18347
003
IN-NITTTR
005
20251114233214.0
008
251113s9999||||xx |||||||||||||| ||eng||
040
_b
eng
040
_c
IN-NITTTR
041
_a
eng
082
_a
531.12 R14S
245
0
_a
Statics /
942
_2
ddc
_c
BK
999
_c
20981
_d
20981